[Event "VI World Blitz"]
[Site "Moscow RUS"]
[Date "2010.11.16"]
[Round "4.7"]
[White "Savchenko,B"]
[Black "Svidler,P"]
[Result "0-1"]
[WhiteElo "2632"]
[BlackElo "2722"]

1.e4 c5 2.Nf3 e6 3.d4 cxd4 4.Nxd4 a6 5.Nc3 b5 6.Bd3 d6 7.O-O Nf6 8.f4 Be7
9.Be3 Qc7 10.Qe1 Nbd7 11.a4 b4 12.Nce2 Bb7 13.Ng3 Nc5 14.Bf2 O-O 15.Rd1 d5
16.e5 Ng4 17.Nh5 g6 18.Ng3 Nxa4 19.b3 Nc3 20.Rd2 Bc5 21.Kh1 Nxf2+ 22.Qxf2 Qb6
23.Nh5 Bxd4 24.Qh4 f5 25.exf6 Rf7 26.Bxg6 hxg6 27.Qg5 Ne4 28.Qxg6+ Kf8 29.f5 Nxd2
30.Qh6+ Ke8 31.Ng7+ Kd7 32.fxe6+ Kc6 33.exf7 Nxf1 34.Ne6 Be5 35.f8=Q Rxf8
36.Qxf8 Qf2 37.Qxb4 Qxf6 38.Nc5 Ng3+  0-1

[Event "VI World Blitz"]
[Site "Moscow RUS"]
[Date "2010.11.16"]
[Round "9.8"]
[White "Movsesian,S"]
[Black "Andreikin,D"]
[Result "1-0"]
[WhiteElo "2721"]
[BlackElo "2683"]

1.e4 c5 2.Nf3 e6 3.Nc3 a6 4.d4 cxd4 5.Nxd4 b5 6.Bd3 Bb7 7.O-O Qb6 8.Nb3 Qc7
9.f4 b4 10.Nb1 Nf6 11.Qe2 a5 12.Kh1 Nc6 13.a4 d6 14.N1d2 Be7 15.Nc4 O-O 16.e5 Nd5
17.exd6 Bxd6 18.f5 exf5 19.Rxf5 Rae8 20.Qf1 Nce7 21.Rh5 Nf6 22.Nxd6 Qxd6
23.Rxa5 Ng6 24.Rg5 h6 25.Rg3 Nh5 26.Rg4  1-0

[Event "ch-UKR w"]
[Site "Poltava UKR"]
[Date "2010.11.16"]
[Round "4"]
[White "Tarleva,V"]
[Black "Kalinina,M"]
[Result "1-0"]
[WhiteElo "2170"]
[BlackElo "2031"]

1.e4 c5 2.Nf3 e6 3.Nc3 a6 4.d4 cxd4 5.Nxd4 Qc7 6.g3 Nf6 7.Bg2 Be7 8.O-O Nc6
9.Re1 d6 10.Nxc6 bxc6 11.e5 dxe5 12.Rxe5 Nd5 13.Nxd5 cxd5 14.Bf4 Qc5 15.Qe2 a5
16.Re1 Ba6 17.Qg4 O-O 18.Bh6 Bf6 19.Bxg7 Bxg7 20.Rg5 Qxc2 21.Rxg7+ Kh8 22.Qd4 Qc4
23.Qf6  1-0

[Event "VI World Blitz"]
[Site "Moscow RUS"]
[Date "2010.11.17"]
[Round "17.4"]
[White "Movsesian,S"]
[Black "Svidler,P"]
[Result "1-0"]
[WhiteElo "2721"]
[BlackElo "2722"]

1.e4 c5 2.Nf3 e6 3.d4 cxd4 4.Nxd4 a6 5.Nc3 b5 6.Bd3 d6 7.O-O Nf6 8.f4 Be7
9.Kh1 Qc7 10.Bd2 Nbd7 11.Qe2 Bb7 12.a4 b4 13.Nd1 Qb6 14.a5 Qc5 15.Nb3 Qc6
16.Nf2 Nc5 17.Nd4 Qc7 18.Bxb4 O-O 19.Bc3 g6 20.Nf3 d5 21.e5 Nfe4 22.Bd4 f5
23.exf6 Bxf6 24.Ne5 Bg7 25.Nfg4 Qe7 26.b4 Nxd3 27.cxd3 Nd6 28.Bc5 Rad8 29.Rae1 Qh4
30.Bb6 Rc8 31.Bc5 Nf5 32.Kg1 Rfe8 33.d4 Rb8 34.Ne3 Nxe3 35.Qxe3 Bc8 36.Rc1 Qf6
37.Bd6 Rb7 38.Rc5  1-0

[Event "ch-UKR w"]
[Site "Poltava UKR"]
[Date "2010.11.18"]
[Round "6"]
[White "Tsirulnik,Mari"]
[Black "Kalinina,M"]
[Result "1/2-1/2"]
[WhiteElo "2136"]
[BlackElo "2031"]

1.e4 c5 2.Nf3 e6 3.d4 cxd4 4.Nxd4 a6 5.Nc3 Qc7 6.Be2 b5 7.Bf3 Bb7 8.O-O Nc6
9.Nxc6 Bxc6 10.Re1 Bd6 11.g3 Nf6 12.Nd5 Bxd5 13.exd5 Rc8 14.Bg5 O-O 15.Re2 b4
16.Qd4 Bc5 17.Qd3 Qb6 18.Rd1 Qa5 19.Qb3 Kh8 20.Be3 Bxe3 21.Rxe3 Rc5 22.dxe6 fxe6
23.Rd4 Qc7 24.Rxb4 Rxc2 25.Rb7 Qc5 26.Qb4 Qxb4 27.Rxb4 g5 28.Rc3 Rd2 29.h3 Nd5
30.Bxd5 exd5 31.f4 Re8 32.Kf1 d4 33.Rcc4 d3 34.Re4 Rf8 35.Rbd4 gxf4 36.Rxf4 Rc8
37.Rc4 Rg8 38.Rf2 Rd1+ 39.Kg2 Re8 40.Kf3 Rde1 41.Rd4 Rf8+ 42.Kg2 Rxf2+ 43.Kxf2 Re2+
44.Kf3 Rxb2 45.Rxd3 Rxa2 46.Rxd7 Ra4  1/2-1/2

[Event "16th Asian Games Team Men"]
[Site "Guangzhou CHN"]
[Date "2010.11.19"]
[Round "2"]
[White "Malkawi,F"]
[Black "Jung,Min"]
[Result "0-1"]
[WhiteElo "2089"]
[BlackElo "1701"]

1.e4 c5 2.Nf3 e6 3.d4 cxd4 4.Nxd4 a6 5.Nc3 Qc7 6.Be2 Nf6 7.Bf3 Bb4 8.Bd2 Nc6
9.Nb3 Ne5 10.a3 Bd6 11.Be2 Nc6 12.O-O Bxh2+ 13.Kh1 h5 14.g3 h4 15.Bf4 e5
16.Kxh2 hxg3+ 17.Kg2 Rh2+ 18.Kxg3 exf4+ 19.Kf3 Ne5+ 20.Kxf4 Nc4+ 21.Kf3 Rh3+  0-1

[Event "TCh-NED"]
[Site "Netherlands NED"]
[Date "2010.11.20"]
[Round "3.7"]
[White "Willemze,J"]
[Black "Bolwerk,P"]
[Result "0-1"]
[WhiteElo "2396"]
[BlackElo "2243"]

1.e4 c5 2.Nf3 e6 3.d4 cxd4 4.Nxd4 a6 5.Nc3 Qc7 6.Bd3 Nf6 7.O-O d6 8.Kh1 Nbd7
9.f4 Be7 10.Qf3 b5 11.a4 b4 12.Na2 Bb7 13.Nxb4 d5 14.e5 Bxb4 15.exf6 Nxf6
16.Qh3 Be7 17.Be3 Ne4 18.Rae1 Qd7 19.c4 Nc5 20.Bc2 dxc4 21.Nxe6 Nxe6 22.f5 Nd4
23.Bxd4 Qxd4 24.f6 gxf6 25.Rxe7+ Kxe7 26.Qa3+ Qd6 27.Re1+ Kd7 28.Rd1 Bd5
29.Qh3+ Kc7  0-1

[Event "TCh-NED"]
[Site "Netherlands NED"]
[Date "2010.11.20"]
[Round "3.2"]
[White "Bierenbroodspot,P"]
[Black "Dambacher,M"]
[Result "0-1"]
[WhiteElo "2213"]
[BlackElo "2476"]

1.e4 c5 2.Nf3 e6 3.Nc3 a6 4.d4 cxd4 5.Nxd4 b5 6.Bd3 Qb6 7.Nb3 Qc7 8.O-O Nf6
9.e5 Qxe5 10.Qf3 Nc6 11.Bf4 Qh5 12.Qe3 Ng4 13.Qf3 f5 14.Rfe1 Bb7 15.Nd5 Kf7
16.Nc7 Rc8 17.h3 Nf6 18.Qe3 g5 19.Bh2 Rxc7 20.g4 Qh6 21.gxf5 e5 22.c4 bxc4
23.Bxc4+ d5 24.Qb6 Rd7 25.Bxa6 Bxa6 26.Qxa6 Rd6 27.Rac1 Nd7 28.Qc8 Bg7 29.Qc7 Ne7
30.Qa7 Rc8 31.Rxc8 Nxc8 32.Qb7 Ne7 33.Rc1 Qxh3 34.Rc7 Qxf5 35.Nc5 Nxc5 36.Rxe7+ Kf8
37.Qa7 Nd7 38.Rxg7 Kxg7 39.Qc7 Rf6  0-1

[Event "TCh-FIN 2010-11"]
[Site "Vantaa FIN"]
[Date "2010.11.20"]
[Round "4.4"]
[White "Kokkila,T"]
[Black "Issakainen,A"]
[Result "1-0"]
[WhiteElo "2327"]
[BlackElo "2284"]

1.e4 c5 2.Nf3 e6 3.d4 cxd4 4.Nxd4 a6 5.Nc3 Qc7 6.Be3 Bb4 7.Ne2 Nf6 8.a3 Be7
9.h3 b5 10.g4 Bb7 11.Bg2 O-O 12.g5 Ne8 13.Qd2 Nc6 14.f4 Na5 15.b3 Rc8 16.O-O b4
17.axb4 Bxb4 18.Rfc1 f6 19.Ra4 Nc6 20.h4 Nd6 21.Rd1 Nb5 22.Rxb4 Nxc3 23.Qxc3 Nxb4
24.Qxb4 Qxc2 25.Rd2 Qb1+ 26.Kf2 Bc6 27.Nc3 a5 28.Qa3  1-0

[Event "TCh-BEL 2010-11"]
[Site "Eupen BEL"]
[Date "2010.11.21"]
[Round "4.2"]
[White "Nijboer,F"]
[Black "Chuchelov,V"]
[Result "1/2-1/2"]
[WhiteElo "2582"]
[BlackElo "2565"]

1.e4 c5 2.Nf3 e6 3.Nc3 a6 4.d4 cxd4 5.Nxd4 Qc7 6.Bd3 Nf6 7.O-O d6 8.f4 b5
9.Kh1 Bb7 10.Qe2 Nbd7 11.Bd2 Be7 12.b4 O-O 13.a4 bxa4 14.Rxa4 Nb6 15.Raa1 Nfd7
16.Nf3 Bf6 17.Ra3 Rac8 18.e5 dxe5 19.Ng5 g6 20.Nce4  1/2-1/2

[Event "Vasylyshyn Memorial GM"]
[Site "Lviv UKR"]
[Date "2010.11.23"]
[Round "1"]
[White "Bernadskiy,V"]
[Black "Oleksienko,M"]
[Result "1/2-1/2"]
[WhiteElo "2438"]
[BlackElo "2559"]

1.e4 c5 2.Nf3 e6 3.d4 cxd4 4.Nxd4 a6 5.Nc3 b5 6.Bd3 Qb6 7.Nb3 Qc7 8.O-O Nf6
9.Qe2 d6 10.Bg5 Be7 11.f4 Nc6 12.Rae1 h6 13.Bh4 Nxe4 14.Nxb5 Qb6+ 15.Qe3 Qxe3+
16.Rxe3 axb5 17.Bxe7 Nxe7 18.Bxb5+ Bd7 19.Bxd7+ Kxd7 20.Rxe4 Rxa2 21.Rb4 Rc8
22.Nc1 Ra7 23.c3 Nd5 24.Re4 f5 25.Re2 g5 26.Nd3 Ra2 27.Rfe1 Nxf4 28.Nxf4 gxf4
29.Rxe6 Rxb2 30.Re7+ Kc6 31.R1e2 Rxe2 32.Rxe2 Kc5 33.Rf2 Kc4 34.Rxf4+ Kxc3
35.Rxf5 Rc5 36.Rf3+ Kc4 37.Rf4+ Kd3 38.Rf6 d5 39.Rxh6 d4 40.Kf2 Rf5+  1/2-1/2

[Event "Vasylyshyn Memorial GM"]
[Site "Lviv UKR"]
[Date "2010.11.23"]
[Round "1"]
[White "Polivanov,A"]
[Black "Vovk,A"]
[Result "1-0"]
[WhiteElo "2395"]
[BlackElo "2546"]

1.e4 c5 2.Nf3 e6 3.d4 cxd4 4.Nxd4 a6 5.Nc3 Qc7 6.Be2 Nf6 7.f4 Bb4 8.e5 Bxc3+
9.bxc3 Qxc3+ 10.Qd2 Qxa1 11.exf6 Nc6 12.fxg7 Rg8 13.c3 Nxd4 14.cxd4 Rxg7
15.O-O Qb1 16.f5 Qe4 17.Rf2 d6 18.Qh6 Qxd4 19.Bh5 Qa1 20.fxe6 Ke7 21.Bxf7 Kf8
22.Qf4  1-0

[Event "XXIII Belgrade Trophy"]
[Site "Obrenovac SRB"]
[Date "2010.11.25"]
[Round "2.36"]
[White "Nestorovic,L"]
[Black "Rodic,Dr"]
[Result "1-0"]
[WhiteElo "2328"]
[BlackElo "2113"]

1.e4 c5 2.Nf3 e6 3.d4 cxd4 4.Nxd4 a6 5.Nc3 d6 6.Be3 Nf6 7.f3 e5 8.Nb3 b5
9.Nd5 Nbd7 10.a4 Rb8 11.axb5 Nxd5 12.Qxd5 Bb7 13.Qd2 axb5 14.Bxb5 Be7 15.O-O O-O
16.c4 f5 17.exf5 Rxf5 18.Na5 Ba8 19.Nc6 Bxc6 20.Bxc6 Nc5 21.b4 Ne6 22.Ba7 Nf4
23.Bxb8 Qb6+ 24.c5 Qxc6 25.Bxd6 Bg5 26.Qa2+ Nd5 27.b5  1-0

[Event "Podgaets Memorial"]
[Site "Odessa UKR"]
[Date "2010.11.26"]
[Round "7"]
[White "Tesla,V"]
[Black "Gorbunov,I RUS"]
[Result "1/2-1/2"]
[WhiteElo "2293"]
[BlackElo "2250"]

1.e4 c5 2.Nf3 e6 3.d4 cxd4 4.Nxd4 a6 5.Nc3 b5 6.g3 Bb7 7.Bg2 Nf6 8.Qe2 Nc6
9.Nxc6 Bxc6 10.O-O b4 11.Nd5 Nxd5 12.exd5 Bb5 13.Qf3 Bxf1 14.dxe6 fxe6 15.Qxa8 Qxa8
16.Bxa8 Bb5 17.Be4 Bc5 18.Bd2 O-O 19.Be1 d5 20.Bg2 Bd4 21.c3 bxc3 22.bxc3 Bc5
23.Rb1 Ba7 24.Bh3 Re8 25.Bf1 Rb8 26.Rb3 Kf7 27.Ra3 Bc5 28.Ra5 Bb6 29.Ra3 Bc5
30.Ra5 Bb6  1/2-1/2

[Event "XXIII Belgrade Trophy"]
[Site "Obrenovac SRB"]
[Date "2010.11.27"]
[Round "4.13"]
[White "Nestorovic,L"]
[Black "Barlov,D"]
[Result "0-1"]
[WhiteElo "2328"]
[BlackElo "2467"]

1.e4 c5 2.Nf3 a6 3.Nc3 e6 4.d4 cxd4 5.Nxd4 Qc7 6.Qf3 Nc6 7.Nxc6 bxc6 8.Bf4 d6
9.Bc4 Nf6 10.h3 Be7 11.O-O-O O-O 12.g4 e5 13.Be3 Be6 14.Qe2 Bxc4 15.Qxc4 Qb7
16.Qb3 Qc8 17.g5 Nh5 18.Qc4 Rb8 19.Rd3 a5 20.a3 Kh8 21.Na4 f5 22.Nb6 Qe8
23.exf5 Rxf5 24.Qe4 g6 25.Qa4 d5 26.Re1 Nf4 27.Bxf4 Rxf4 28.Qxa5 Bxg5 29.Kb1 Rxf2
30.Qc5 Rf5 31.a4 Be7 32.Qg1 Bb4 33.Red1 Ba5 34.Rb3 Qd8 35.Nc4 Rxb3 36.cxb3 Bc7
37.Qc5 Rf6 38.a5 Qf8 39.Qa7 Bb8 40.Qb6 c5 41.Qb7 dxc4 42.bxc4 Rf1 43.Rxf1 Qxf1+
44.Ka2 Qxc4+ 45.Kb1 Qd3+ 46.Ka1 Qd6 47.a6 e4 48.a7 Qd1+ 49.Ka2 Qa4+  0-1

[Event "National Chess Congress"]
[Site "Philadelphia USA"]
[Date "2010.11.27"]
[Round "4"]
[White "Xin,S"]
[Black "Williams,Justus D"]
[Result "0-1"]
[WhiteElo "2065"]
[BlackElo "2158"]

1.e4 c5 2.Nc3 a6 3.Nge2 e6 4.d4 cxd4 5.Nxd4 Qc7 6.g3 Bb4 7.Ne2 Nf6 8.Bg2 O-O
9.O-O Nc6 10.a3 Be7 11.Bf4 d6 12.Qd2 Ne5 13.b3 h6 14.h3 Rd8 15.Be3 d5 16.exd5 exd5
17.Nf4 Be6 18.Kh1 Nc6 19.Nce2 Bf5 20.Bd4 Nxd4 21.Nxd4 Bh7 22.b4 Ne4 23.Qe3 Bg5
24.Rac1 Qe5 25.Nde2 d4 26.Qf3 Nd2 27.Qxb7 Nxf1 28.Rxf1 Rab8 29.Qxa6 Bxc2
30.Qc4 Rbc8  0-1

[Event "Open LTU Rapid"]
[Site "Vilnius LTU"]
[Date "2010.11.27"]
[Round "9"]
[White "Sarakauskas,G"]
[Black "Zagorskis,D"]
[Result "0-1"]
[WhiteElo "2450"]
[BlackElo "2497"]

1.e4 c5 2.Nf3 e6 3.d4 cxd4 4.Nxd4 a6 5.Nc3 Qc7 6.Bd3 Nf6 7.O-O Bc5 8.Nb3 Be7
9.f4 d6 10.Qe2 Nc6 11.Bd2 b5 12.Rae1 Bb7 13.e5 dxe5 14.fxe5 Nd7 15.Bf4 O-O
16.Rf3 g6 17.Rh3 Nb4 18.Be4 Bxe4 19.Qxe4 Qc4 20.Re2 Rac8 21.Qf3 Qc6 22.Qg4 Rfd8
23.Kh1 Nf8 24.Rhe3 Nd5 25.Nxd5 Rxd5 26.c3 Qc4 27.Qf3 Rcd8 28.h3 Rd1+ 29.Kh2 Qd5
30.Re4 Qd3 31.R4e3 Qb1 32.Kg3 Rf1 33.Qe4 g5 34.Bxg5 Bxg5 35.Qg4 Qg6  0-1

[Event "WY U-16 Olympiad"]
[Site "Burdur TUR"]
[Date "2010.11.28"]
[Round "3"]
[White "Prasanna,Ra"]
[Black "Topak,E"]
[Result "1/2-1/2"]
[WhiteElo "2400"]
[BlackElo "2244"]

1.e4 c5 2.Nf3 e6 3.d4 cxd4 4.Nxd4 a6 5.Nc3 Qc7 6.Be2 Nf6 7.O-O Bb4 8.Qd3 Nc6
9.Nxc6 bxc6 10.Bg5 d5 11.f4 Bb7 12.Kh1 Be7 13.f5 O-O 14.fxe6 fxe6 15.exd5 cxd5
16.Rae1 Rad8 17.Bxf6 Bxf6 18.Bg4 Bc8 19.Bxe6+ Bxe6 20.Rxe6 Bxc3 21.Rxf8+ Rxf8
22.bxc3 Qxc3 23.h3 d4 24.Re4 Qa1+ 25.Kh2 Qxa2 26.Rxd4 Qe6  1/2-1/2

[Event "XXIII Belgrade Trophy"]
[Site "Obrenovac SRB"]
[Date "2010.11.28"]
[Round "5.47"]
[White "Stojanovic,Nad"]
[Black "Angel Acosta,J"]
[Result "0-1"]
[WhiteElo "2027"]
[BlackElo "2184"]

1.e4 c5 2.Nf3 e6 3.d4 cxd4 4.Nxd4 a6 5.Nc3 Nc6 6.Be2 Nge7 7.Be3 Nxd4 8.Bxd4 Nc6
9.Be3 b5 10.a3 Be7 11.O-O Qc7 12.f4 O-O 13.e5 Bb7 14.Bd3 f5 15.exf6 Bxf6
16.Ne4 Bxb2 17.Ng5 h6 18.Rb1 Bxa3 19.Qh5 Rf6 20.Ne4 Rf5 21.Qg4 d6 22.Ng3 Rf6
23.Nh5 Raf8 24.Nxf6+ Rxf6 25.Qh5 Ne7 26.Qe8+ Rf8 27.Bh7+ Kxh7 28.Qxf8 Qxc2
29.Bf2 Qe4  0-1

[Event "Open LTU Rapid Final"]
[Site "Vilnius LTU"]
[Date "2010.11.28"]
[Round "1"]
[White "Shimanov,A"]
[Black "Zagorskis,D"]
[Result "1-0"]
[WhiteElo "2516"]
[BlackElo "2497"]

1.e4 c5 2.Nf3 e6 3.d4 cxd4 4.Nxd4 a6 5.Nc3 Qc7 6.Qf3 Nf6 7.Bg5 Be7 8.O-O-O d6
9.Bd3 Nbd7 10.Qg3 b5 11.Rhe1 Bb7 12.f4 h6 13.Bh4 g5 14.fxg5 Nh5 15.Qe3 Qc5
16.Nf3 Qxe3+ 17.Rxe3 Nf4 18.Bf1 hxg5 19.Bxg5 Bxg5 20.Nxg5 b4 21.Ne2 Nxe2+
22.Rxe2 Rxh2 23.Rxd6 Ke7 24.Red2 Nc5 25.Rb6 Rg8 26.Nf3 Rh1 27.Rd1 a5 28.Rb5 Rc8
29.Nd2 Rc7 30.Be2 Rxd1+ 31.Bxd1 Nxe4 32.Rxb7 Rxb7 33.Nxe4 f5 34.Nc5 Rb5 35.Nd3 e5
36.Kd2 Kd6 37.Ke3 Rb8 38.g4 fxg4 39.Bxg4 Rg8 40.Nf2 Rf8 41.Bf3 Rf4 42.Ne4+ Ke6
43.Nc5+ Kf6 44.Be4 Rf1 45.Nb7 a4 46.Nc5 a3 47.bxa3 bxa3 48.Bd5 Kf5 49.Be6+ Kf6
50.Bc4 Rh1 51.Ne4+ Ke7 52.Bb3 Rh3+ 53.Kd2 Kd7 54.Bd5 Kc7 55.Bc4 Kc6 56.Bd3 Kd5
57.Kc3 Re3 58.Nd2 Rh3 59.Kb4 Kd4 60.Kxa3 Ke3 61.Ne4 Rh4 62.Nd6  1-0

[Event "WY U-16 Olympiad"]
[Site "Burdur TUR"]
[Date "2010.11.29"]
[Round "5"]
[White "Kovalev,Vl"]
[Black "Stukopin,A"]
[Result "1-0"]
[WhiteElo "2355"]
[BlackElo "2458"]

1.e4 c5 2.Nf3 e6 3.Nc3 a6 4.d4 cxd4 5.Nxd4 b5 6.Bd3 Bb7 7.O-O Nc6 8.Nxc6 Bxc6
9.Qe2 Qb8 10.f4 Bc5+ 11.Be3 Bxe3+ 12.Qxe3 Qa7 13.Qxa7 Rxa7 14.a4 b4 15.Nb5 axb5
16.axb5 Rxa1 17.Rxa1 Bb7 18.Ra7 Bc8 19.b6 Ne7 20.b7 Bxb7 21.Rxb7 Nc6 22.Bb5 Rf8
23.Bxc6 dxc6 24.Kf2 Kd8 25.Ra7 e5 26.f5 c5 27.b3  1-0

[Event "XXVI Governors Cup"]
[Site "Legnica POL"]
[Date "2010.11.29"]
[Round "7"]
[White "Dragun,K"]
[Black "Maksimenko,An"]
[Result "1/2-1/2"]
[WhiteElo "2407"]
[BlackElo "2540"]

1.e4 c5 2.Nf3 a6 3.Nc3 e6 4.d4 cxd4 5.Nxd4 d6 6.Be3 Nf6 7.f3 b5 8.Qd2 b4
9.Nce2 e5 10.Nb3 a5 11.Rd1 Be7 12.c3 Nc6 13.Ng3 O-O 14.Bb5 bxc3 15.Qxc3 Nb4
16.a3 Rb8 17.axb4 Rxb5 18.Nxa5 Bd7 19.Nc6 Bxc6 20.Qxc6 Rxb4 21.Nf5 Rxb2 22.O-O Ne8
23.Ra1 Bg5 24.Bf2 g6 25.Ne3 Rb6 26.Qa4 Nc7 27.Nc4 Ra6 28.Qb4 Rxa1 29.Rxa1 d5
30.Nxe5 dxe4 31.Qxe4 Re8 32.f4 Bf6  1/2-1/2

[Event "XXIII Belgrade Trophy"]
[Site "Obrenovac SRB"]
[Date "2010.11.29"]
[Round "6.5"]
[White "Cabrilo,G"]
[Black "Nikolov,Mo"]
[Result "0-1"]
[WhiteElo "2450"]
[BlackElo "2565"]

1.e4 c5 2.Nf3 e6 3.d4 cxd4 4.Nxd4 a6 5.Nc3 Qc7 6.Bd3 Nf6 7.O-O d6 8.f4 b5
9.Kh1 Bb7 10.a3 Nbd7 11.Qe2 Be7 12.Bd2 O-O 13.b4 Rfe8 14.Rae1 e5 15.Nf5 Bf8
16.Qf3 g6 17.Ne3 exf4 18.Qxf4 Re7 19.Qh4 Bg7 20.Rf3 Re5 21.Ref1 Rh5 22.Qg3 Rf8
23.h3 Re5 24.Qh4 Qd8 25.Qf2 Qe8 26.Ng4 Nxg4 27.hxg4 h5 28.g5 Re7 29.Rf4 Ne5
30.Be2 Rc7 31.Qg3 Qe7 32.Rf6 Rfc8 33.Bd1 Nc4 34.Bc1 Qe5 35.Bf4 Qd4 36.Rf3 Bxf6
37.gxf6 Qxf6 38.Bg5 Qe5 39.Rf4 Nd2 40.Bf6 Rxc3 41.Qh4 Qe8 42.Bxh5 Nxe4  0-1

[Event "XXIII Belgrade Trophy"]
[Site "Obrenovac SRB"]
[Date "2010.11.29"]
[Round "6.3"]
[White "Radulski,J"]
[Black "Barlov,D"]
[Result "1-0"]
[WhiteElo "2606"]
[BlackElo "2467"]

1.e4 c5 2.Nf3 e6 3.d4 cxd4 4.Nxd4 a6 5.Nc3 Qc7 6.g3 Nc6 7.Bg2 d6 8.Nxc6 bxc6
9.O-O Nf6 10.Na4 Bb7 11.c4 c5 12.Re1 Nd7 13.f4 Be7 14.b3 O-O 15.Bb2 Bc6 16.Nc3 Rfe8
17.Qc2 Bf6 18.Rad1 Bd4+ 19.Kh1 Rad8 20.h3 Bb7 21.Kh2 Nb8 22.b4 e5 23.b5 Nd7
24.f5 Qa5 25.Rb1 Nb6 26.Bf1 Nd7 27.Bd3 Qc7 28.a4 Ra8 29.Ra1 Nf6 30.g4 Qe7
31.Qg2 axb5 32.cxb5 Bxc3 33.Bxc3 d5 34.a5 dxe4 35.a6 Bxa6 36.g5 exd3 37.gxf6 Qxf6
38.bxa6 Rxa6 39.Bxe5  1-0

[Event "WY U-16 Olympiad"]
[Site "Burdur TUR"]
[Date "2010.11.30"]
[Round "6"]
[White "Atabayev,M"]
[Black "Topak,E"]
[Result "1/2-1/2"]
[WhiteElo "2342"]
[BlackElo "2244"]

1.e4 c5 2.Nf3 e6 3.d4 cxd4 4.Nxd4 a6 5.Nc3 Qc7 6.a3 Nf6 7.Be2 b5 8.O-O Bb7
9.Bf3 Nc6 10.Nxc6 dxc6 11.Qe2 e5 12.Bg5 Be7 13.Nd1 O-O 14.Ne3 Bc8 15.Rfe1 Re8
16.a4 Be6 17.Red1 Rad8 18.axb5 axb5 19.h3 Rxd1+ 20.Qxd1 Rd8 21.Qe2 g6 22.Qe1 Kg7
23.Ra6 Rd4 24.Bxf6+ Bxf6 25.Qc3 Bc4 26.Ra1 Be7 27.Rd1 Qd6 28.Qe1 Be6 29.c3 Rxd1
30.Qxd1 Qxd1+ 31.Bxd1 h5 32.Kf1 Bc5 33.Ke2 Kf6 34.b4 Bb6 35.h4  1/2-1/2

[Event "XXVI Governors Cup"]
[Site "Legnica POL"]
[Date "2010.12.01"]
[Round "9"]
[White "Butkiewicz,L"]
[Black "Maksimenko,An"]
[Result "0-1"]
[WhiteElo "2408"]
[BlackElo "2540"]

1.e4 c5 2.Nf3 e6 3.d4 cxd4 4.Nxd4 a6 5.Nc3 Qc7 6.Be2 Nf6 7.O-O Nc6 8.Be3 d6
9.f4 Be7 10.a4 O-O 11.Kh1 Re8 12.Bd3 Nb4 13.a5 Bd7 14.Qe1 Nxd3 15.cxd3 e5
16.Nf3 Rac8 17.Nd2 Bb5 18.Bb6 Qc6 19.Nxb5 axb5 20.Rc1 Qd7 21.Qe3 Ng4 22.Qg3 Rxc1
23.Rxc1 Rc8 24.Rxc8+ Qxc8 25.Bg1 exf4 26.Qxf4 Ne5 27.Qe3 Qc1 28.b4 h6 29.d4 Bg5
30.Qh3 Bxd2 31.dxe5 dxe5 32.Qd3 g6 33.h3 Bxb4 34.Qxb5 Bc3 35.Qc5 Kg7 36.Kh2 Qf4+
37.Kh1 Qc1 38.Kh2 Qb2 39.Qe7 Bd2 40.Qc5 Bf4+ 41.Kh1 h5 42.Qd5 Qb1 43.Qc5 Qxe4
44.Qb5 Qe1 45.Qc5 Bd2 46.Qd5 Bxa5 47.Qxb7 Bd2 48.Qb6 Bc3 49.Kh2 Qe4  0-1

[Event "XXIII Belgrade Trophy"]
[Site "Obrenovac SRB"]
[Date "2010.12.01"]
[Round "8.71"]
[White "Dizdarevic,B"]
[Black "Rajkovic,Mladen"]
[Result "1/2-1/2"]
[WhiteElo "1953"]
[BlackElo "1760"]

1.e4 c5 2.Nf3 e6 3.d4 cxd4 4.Nxd4 a6 5.Nc3 Qc7 6.Be2 Bb4 7.Qd3 Nf6 8.O-O O-O
9.Bg5 Be7 10.f4 Nc6 11.Kh1 h6 12.Bh4 d5 13.exd5 Nxd5 14.Nxd5 exd5 15.Bxe7 Qxe7
16.Rae1 Qf6 17.Nb3 Bf5 18.Qxd5 Bxc2 19.Nc5 Rad8 20.Qc4 Qxb2 21.Nxb7 Qxb7
22.Qxc2 Nd4 23.Qc4 Nxe2 24.Rxe2 Qb5 25.Qxb5 axb5 26.Rb2 Rd5 27.Rfb1 Rfd8
28.Kg1 Rd2 29.a3 Rxb2 30.Rxb2 Rd3 31.Kf2 Rxa3 32.Rxb5 g6 33.h3 Kg7 34.Rb6 h5  1/2-1/2

[Event "60th ch-GRE"]
[Site "Vrahati GRE"]
[Date "2010.12.02"]
[Round "7"]
[White "Koukoufikis,A"]
[Black "Kotronias,V"]
[Result "0-1"]
[WhiteElo "2278"]
[BlackElo "2591"]

1.e4 c5 2.Nf3 e6 3.Nc3 a6 4.d4 cxd4 5.Nxd4 Qc7 6.Bd3 Nf6 7.O-O Bc5 8.Nb3 Be7
9.Be3 d6 10.f4 Nbd7 11.a3 b5 12.Qf3 Bb7 13.Qg3 g6 14.Rae1 h5 15.Bd4 h4 16.Qh3 e5
17.Be3 exf4 18.Bxf4 Ne5 19.Bxe5 dxe5 20.Kh1 Rd8 21.Qf3 O-O 22.Qe3 Kg7 23.Rf3 Nh5
24.Nd5 Bxd5 25.exd5 Rxd5 26.Qe4 Qd6 27.c4 bxc4 28.Bxc4 Rd1 29.Rxd1 Qxd1+
30.Rf1 Qd6 31.Qb7 a5 32.Rf3 a4 33.Rd3 Qf6 34.Nd2 Qf2 35.Rf3 Qc5 36.b4 axb3
37.Nxb3 Qxc4 38.Qxe7 e4 39.Rf2 Qxb3  0-1

[Event "ch-RSSU"]
[Site "Moscow RUS"]
[Date "2010.12.04"]
[Round "4"]
[White "Ponkratov,P"]
[Black "Papin,V"]
[Result "0-1"]
[WhiteElo "2585"]
[BlackElo "2541"]

1.e4 c5 2.Nf3 e6 3.d4 cxd4 4.Nxd4 a6 5.Nc3 Qc7 6.Be3 b5 7.Qd2 Bb7 8.f3 Nf6
9.g4 h6 10.O-O-O b4 11.Nce2 e5 12.Nf5 d5 13.g5 hxg5 14.Bxg5 Nbd7 15.exd5 Bxd5
16.Neg3 Bxa2 17.f4 Nc5 18.Bc4 Bxc4 19.Qg2 Rc8 20.Rhe1 Nd3+ 21.Kb1 Ba2+ 22.Kxa2 b3+
23.cxb3 Nxe1 24.Qe2 Nc2 25.Kb1 Nb4 26.fxe5 Rxh2 27.Qc4 Qxc4 28.bxc4 Nh7  0-1

[Event "2nd Pilsen Open"]
[Site "Plzen CZE"]
[Date "2010.12.04"]
[Round "1"]
[White "Blecha,Mir"]
[Black "Sargsjan,K"]
[Result "1-0"]
[WhiteElo "2194"]
[BlackElo "1891"]

1.e4 c5 2.Nf3 e6 3.d4 cxd4 4.Nxd4 a6 5.Nc3 b5 6.a3 Bb7 7.Be2 Qc7 8.O-O Nf6
9.Bf3 h5 10.e5 Ng4 11.Bf4 Nc6 12.Nxc6 Bxc6 13.Bxg4 hxg4 14.Qxg4 O-O-O 15.Rad1 g5
16.Bg3 Be7 17.Ne4 Rdg8 18.Rfe1 Rg6 19.Rd4 Kb8 20.c4 Qb6 21.Qd1 Bc5 22.Nxc5 Qxc5
23.cxb5 axb5 24.Qd2 Rh4 25.Rxd7 Rc4 26.Rd8+ Kb7 27.Rd6 Bd5 28.Qa5 Ra4 29.Rd7+ Kb8
30.Qd8+ Qc8 31.Qb6+  1-0

[Event "TCh-CZE 2010-11"]
[Site "Czech Rep CZE"]
[Date "2010.12.05"]
[Round "4.2"]
[White "Jakubowski,K"]
[Black "Laznicka,V"]
[Result "0-1"]
[WhiteElo "2502"]
[BlackElo "2688"]

1.e4 c5 2.Nf3 e6 3.d4 cxd4 4.Nxd4 a6 5.Nc3 Qc7 6.Bd3 Nf6 7.Bg5 Bc5 8.Nb3 Be7
9.Qe2 d6 10.O-O Nc6 11.Rae1 Bd7 12.Kh1 b5 13.a3 Rc8 14.Bc1 Ne5 15.f4 Nxd3
16.cxd3 O-O 17.g4 Bc6 18.g5 Nd7 19.Nd4 g6 20.Nxc6 Qxc6 21.d4 Qc4 22.Qf2 a5
23.f5 b4 24.axb4 axb4 25.Ne2 exf5 26.exf5 Rce8 27.Qg2 Nb6 28.Ng3 Bd8 29.Re4 Rxe4
30.Qxe4 d5 31.Qe3 Bc7 32.b3 Qc2 33.Ne2 gxf5 34.Kg1 Bd6 35.Nf4 Rc8 36.Bd2 Qe4
37.Qf2 Rc2 38.Re1 Rxd2 39.Rxe4 Rxf2 40.Re8+ Kg7 41.Nh5+ Kg6 42.Nf6 Kxg5 43.Nxh7+ Kh6
44.Kxf2 Kxh7 45.h4 Nd7 46.Kf3 Nf6 47.Rd8 Ne4 48.h5 Kh6  0-1

[Event "ch-RSSU"]
[Site "Moscow RUS"]
[Date "2010.12.06"]
[Round "6"]
[White "Danin,A"]
[Black "Papin,V"]
[Result "1/2-1/2"]
[WhiteElo "2527"]
[BlackElo "2541"]

1.e4 c5 2.Nf3 e6 3.d4 cxd4 4.Nxd4 a6 5.Nc3 b5 6.Bd3 Qb6 7.Be3 Bc5 8.Qg4 Bxd4
9.e5 Nc6 10.Qxg7 Bxe5 11.Qxe5 Nxe5 12.Bxb6 Bb7 13.Bd4 Nxd3+ 14.cxd3 f6 15.O-O Ke7
16.Ne4 Bxe4 17.dxe4 Nh6 18.f4 Rac8 19.Rac1 Nf7 20.e5 fxe5 21.fxe5 Rhg8 22.h3 Rxc1
23.Rxc1 Rg5 24.Rc5 Rf5 25.Bc3 h5 26.Kh2 Nd8 27.g4 hxg4 28.hxg4 Rg5 29.Kg3 Nc6
30.a4 bxa4 31.Kf4 Rg8 32.Rc4 a3 33.bxa3 Rb8 34.Bb4+ Nxb4 35.Rxb4 Rc8 36.Ra4 Rc6
37.Ra5 Rc4+ 38.Kg5 Re4 39.Kh5 Kf7 40.Rc5 Ra4 41.Rc3 Ra5 42.Kh6 Rxe5 43.g5 Re1
44.g6+ Ke7 45.g7 Rh1+ 46.Kg6 Rg1+ 47.Kh7 Rh1+ 48.Kg6 Rg1+ 49.Kh7 Rh1+ 50.Kg6  1/2-1/2

[Event "Open ch-Skopje"]
[Site "Skopje MKD"]
[Date "2010.12.06"]
[Round "3"]
[White "Markovski,V"]
[Black "Tairi,K"]
[Result "1-0"]
[WhiteElo "2042"]
[BlackElo "1634"]

1.e4 c5 2.Nf3 e6 3.d4 cxd4 4.Nxd4 a6 5.Nc3 Qc7 6.Be3 Bb4 7.Qd2 Nf6 8.Bd3 d5
9.exd5 Nxd5 10.Nde2 O-O 11.O-O Bxc3 12.Nxc3 Nxc3 13.bxc3 Bd7 14.Qe2 Qxc3
15.Qh5 f5 16.Qh4 Nc6 17.Rad1 Rf7 18.Bc4 Re8 19.Bb3 Qf6 20.Qh5 h6 21.Rxd7 Ne5
22.Rxb7 g6 23.Rxf7 Nxf7 24.Qe2 a5 25.Qb5 Ra8 26.Qc6 Rf8 27.Qxe6  1-0

[Event "ch-RSSU"]
[Site "Moscow RUS"]
[Date "2010.12.07"]
[Round "7"]
[White "Shukh,N"]
[Black "Iljin,A"]
[Result "1-0"]
[WhiteElo "2433"]
[BlackElo "2558"]

1.e4 c5 2.Nf3 e6 3.d4 cxd4 4.Nxd4 a6 5.Nc3 Qc7 6.Be2 b5 7.O-O Bb7 8.Bf3 Nc6
9.Re1 Ne5 10.Bf4 d6 11.a4 bxa4 12.Rxa4 Nf6 13.Be2 Be7 14.Qa1 Qc8 15.Nb3 Nc6
16.Rd1 d5 17.exd5 Nxd5 18.Nxd5 exd5 19.Bf3 O-O 20.c3 Rd8 21.Rxd5 Qe6 22.Nc5 Bxc5
23.Rxc5 Rd7 24.Re4 Qf6 25.Qe1 Rf8 26.Bg3 Nd8 27.Bg4 Rd5 28.Rc7 Rg5 29.Rb4 Bd5
30.h4 Rg6 31.Bh3 Ne6 32.Rd7 Ba8 33.Qe5 Qxe5 34.Bxe5 Nc5 35.Rd6 Re8 36.Rxg6 hxg6
37.Bd4 Nd3 38.Rb6 Nf4 39.Be3 Nxh3+ 40.gxh3 a5 41.Ra6 Bf3 42.Rxa5 Rb8 43.b4 Be2
44.Rc5 Kf8 45.Rc7 Kg8 46.Kg2 Re8 47.Rc5 Rb8 48.f3 Bd3 49.Kf2 Rb7 50.Rd5 Bc4
51.Rd6 Rc7 52.Bb6 Rb7 53.Ke3 Bf1 54.Kd4 Re7 55.c4 Re1 56.Rd8+ Kh7 57.Kc5 Rc1
58.Rd4 Rc3 59.f4 Kh6 60.b5 Kh5 61.Ba5 Ra3 62.Bd8 f6 63.b6 Rb3 64.Rd7 Rc3
65.Rd4 Rb3 66.Be7 Kxh4 67.Kc6 Kxh3 68.c5 Bg2+ 69.Kc7 g5 70.fxg5 f5 71.Rc4 Bd5
72.Rc1 f4 73.c6 f3 74.Bc5  1-0